1505 1511 1829 1920 1971 1366 1854 1213 1434 1782 1473 1450 1712 1675 1333 1855 1531 1378 1135 1353 1490 1631 1777 1455 1413 1873 2000 1732 1752 1162 1666 1924 1384 1556 1598 1624 1629 1431 1099 1616 1123 1398 1810 1833 1537 1647 1013 1398 1871 1917 1864 1556 1796 1898 1873 1407 1002 1118 1936 1374 1948 1675 1592 1359 1027 1932 1816 1383 1474 1506 1795 1344 1719 1609 1414 1126 1004 1323 1875 1059 1958 1792 1478 1384 1456 1300 1803 1046 1106 1176 1639 1884 1104 1240 1890 1881 1290 1620 1847 BCNSPRNW ULIB Ver.6.0+V

เปลี่ยนเป็นภาษาไทย

Change to English
 แสดงรายละเอียดบรรณานุกรม
  กลับหน้าหลัก

Brief Record : Get Marc (ISO 2709) : E-mail record : QR code < ปิดหน้าต่าง
LEADER : 00000nam 2200000uu 4500
001    13399124548
003     ULIB
008    020711s2000 th a 000 0 eng d
020    0721686699
060    WY100^bF97986
100    Helen Harkreader.
245    Fundamentals of Nursing./^cHelen Harkreader.
260    London :^bSaunders,^c2000
300    1716 pages;^b28.5 cm
650    Fundamentals
945    ^p0^l0^i23114
รายการนี้ยังไม่มีแท็ก
คุณยังไม่ได้ล็อกอิน คุณสามารถมีกิจกรรมร่วมกับเว็บไซต์ได้ แต่ต้องล็อกอินก่อน ::
  ล็อกอิน

รายการสื่อสารสนเทศ

ลำดับที่ ประเภท เลขเรียก/บาร์โค้ด สถานที่ สถานะ
1. Book การพยาบาล
Book การพยาบาล
WY100 F97986 ฉ.1 
  Barcode: 23114
ห้องสมุดวิทยาเขตนครสวรรค์
►หนังสือทั่วไป:l:General Books
บนชั้น

รายการใกล้เคียง
    หัวเรื่อง [Fundamentals]

BibComment


ยังไม่เคยถูกคอมเมนท์

คอมเมนท์ทรัพยากรรายการนี้
  คอมเมนท์: Fundamentals of N..


 Copyright 2026. Bcnsprnw @Library